000 01011cam a2200313 a 4500
003 CHAP
005 20220817043622.0
008 000216d1997 mx r 00010 spa d
010 _a79899
011 _a80871
020 _a9290433086
035 _a91325
040 _cCHAP
082 0 4 _a581.151
_bP58
100 0 0 _aPistorius, Robin.
_988572
245 1 0 _aScientists, plants and politics :
_ba history of the plant genetic resources movement
_c/by Robin Pistorius
260 _aRome ,
_bInternational Plant Genetic Resources Institute,
_c1997.
300 _a134 p.
590 _aBATCH-UPD
_b10
_c20130110
_lUCH01
_h0505
590 _aBATCH-UPD
_b10
_c20130410
_lUCH01
_h0143
590 _aBATCH-UPD
_b10
_c20130914
_lUCH01
_h1537
590 _aCONVERSION
_b10
_c20130109
_lUCH01
_h1344
650 1 4 _aGenética vegetal.
650 1 4 _aRecursos genéticos.
_995078
901 _aBK
905 _aMayto Villalobos S.
942 _cLIBRO
949 _a581.151 P58
_bBC
_cLIBRO
_d33724000733606
_eLIBRO
_h96605
_i91325
_si
999 _c79899
_d79899